NFL Second Team All Pro Offensive Guards - Statistics

General Stats
  • This quiz has been taken 29 times
    3 since last reset
  • The average score is 46 of 111
Answer Stats
Year Team Player % Correct
1996 Oilers Bruce Matthews
100%
2013 Saints Jahri Evans
100%
1983 Browns Joe DeLamielleure
100%
1980 Browns Joe DeLamielleure
100%
1979 Bills Joe DeLamielleure
100%
1978 Bills Joe DeLamielleure
100%
2022 Chiefs Joe Thuney
100%
2019 Patriots Joe Thuney
100%
1995 Cowboys Larry Allen
100%
2013 Patriots Logan Mankins
100%
2012 Patriots Logan Mankins
100%
2011 Patriots Logan Mankins
100%
2009 Patriots Logan Mankins
100%
2007 Patriots Logan Mankins
100%
2019 Ravens Marshal Yanda
100%
2018 Ravens Marshal Yanda
100%
2016 Ravens Marshal Yanda
100%
2012 Ravens Marshal Yanda
100%
2011 Ravens Marshal Yanda
100%
2025 Colts Quenton Nelson
100%
2024 Colts Quenton Nelson
100%
2021 Colts Quenton Nelson
100%
2006 Vikings Steve Hutchinson
100%
2004 Seahawks Steve Hutchinson
100%
1974 Rams Tom Mack
100%
1973 Rams Tom Mack
100%
1972 Rams Tom Mack
100%
2017 Cowboys Zack Martin
100%
2015 Cowboys Zack Martin
100%
2008 Jets Alan Faneca
50%
2010 Saints Carl Nicks
50%
2023 Falcons Chris Lindstrom
50%
2022 Falcons Chris Lindstrom
50%
2010 Giants Chris Snee
50%
2016 Steelers David DeCastro
50%
1976 Raiders Gene Upshaw
50%
1975 Raiders Gene Upshaw
50%
1973 Raiders Gene Upshaw
50%
1972 Raiders Gene Upshaw
50%
2020 Browns Joel Bitonio
50%
2019 Browns Joel Bitonio
50%
2018 Browns Joel Bitonio
50%
1984 Patriots John Hannah
50%
1982 Patriots John Hannah
50%
1977 Patriots John Hannah
50%
2015 Packers Josh Sitton
50%
2014 Packers Josh Sitton
50%
2013 Packers Josh Sitton
50%
1993 Oilers Mike Munchak
50%
1992 Oilers Mike Munchak
50%
1990 Oilers Mike Munchak
50%
1989 Oilers Mike Munchak
50%
1988 Oilers Mike Munchak
50%
1985 Oilers Mike Munchak
50%
1997 Vikings Randall McDaniel
50%
1991 Vikings Randall McDaniel
50%
1999 Redskins Tre Johnson
50%
2023 Cowboys Tyler Smith
50%
2006 Chiefs Will Shields
50%
2005 Chiefs Will Shields
50%
2004 Chiefs Will Shields
50%
1997 Chiefs Will Shields
50%
2001 Rams Adam Timmerman
0%
2003 Steelers Alan Faneca
0%
1988 Falcons Bill Fralic
0%
1977 Dolphins Bob Kuechenberg
0%
2025 Falcons Chris Lindstrom
0%
2024 Falcons Chris Lindstrom
0%
1976 Cardinals Conrad Dobler
0%
1983 Dolphins Ed Newman
0%
1982 Dolphins Ed Newman
0%
1981 Dolphins Ed Newman
0%
1979 Chargers Ed White
0%
1992 49ers Guy McIntyre
0%
2002 Eagles Jermane Mayberry
0%
1991 Bills Jim Ritcher
0%
1994 Dolphins Keith Sims
0%
1985 Rams Kent Hill
0%
1980 Rams Kent Hill
0%
1998 49ers Kevin Gogan
0%
2009 Chargers Kris Dielman
0%
2008 Chargers Kris Dielman
0%
2014 Bears Kyle Long
0%
1978 Dolphins Larry Little
0%
1977 Dolphins Larry Little
0%
2007 Cowboys Leonard Davis
0%
2003 Packers Marco Rivera
0%
1989 Bengals Max Montoya
0%
2015 Cardinals Mike Iupati
0%
1986 49ers Randy Cross
0%
1984 490ers Randy Cross
0%
1981 49ers Randy Cross
0%
2001 49ers Ray Brown
0%
1975 Vills Reggie McKenzie
0%
1974 Bills Reggie McKenzie
0%
2017 Rams Rodger Saffold
0%
1987 Colts Ron Solt
0%
2002 Bills Ruben Brown
0%
2000 Bills Ruben Brown
0%
1999 Bills Ruben Brown
0%
1998 Bills Ruben Brown
0%
1986 Redskins Russ Grimm
0%
2000 Raiders Steve Wisniewski
0%
1996 Raiders Steve Wisniewski
0%
1995 Raiders Steve Wisniewski
0%
1994 Raiders Steve Wisniewski
0%
1993 Raiders Steve Wisniewski
0%
1990 Raiders Steve Wisniewski
0%
1987 Rams Tom Newberry
0%
2021 Browns Wyatt Teller
0%
2020 Browns Wyatt Teller
0%
No matching quizzes found
Score Distribution
Percent of People with Each Score
Percentile by Number Answered
Your Score History
You have not taken this quiz since the last reset